000 00307nam a22001337a 4500
008 170614b xxu||||| |||| 00| 0 eng d
020 _a9780804722759
041 _aeng
080 _a32
100 _a19
101 _aSHP
245 _aTHE POLITICS OF HUMAN RIGHTS IN ARGENTINA
_cBRYSK,A
942 _2udc
_cBK
999 _c17420
_d17420